000 00242nam a22000857a 4500
008 160706b xxu||||| |||| 00| 0 eng d
100 _92391
_aBurns D D
245 _aFeeling Good
_bThe New Mood Therapy
260 _aNew York
_bNew American Library
_c1980
999 _c2069
_d2069